000 00806nam a2200253 a 4500
001 000024700
005 20200930023322.0
008 110131s2000 pn a r 000 f spa d
020 _a9962510147
040 _aDO-SdBNP
_bspa
_cBNPHU
082 _a618.1
_bB862c
100 1 _aBritton, Rosa María
_950660
245 1 3 _aLa costilla de Adan /
_cRosa María Britton.
250 _a3a ed. corr. y aum.
260 _aPanamá :
_bEditora Sibauste,
_c2000.
300 _a280 p. :
_bil. ;
_c21 cm.
504 _aIncluye referencias bibliográficas : p. 279-280
590 _aLa biblioteca posee un ejemplar autografiado por el autor
650 4 _aGinecología
_920061
650 4 _aFisiología de la mujer
_950661
650 4 _aAnatomía humana
_97327
650 4 _aEducación sexual
_92374
049 _aBNGR
999 _c24193
_d24193